[Event "XXVI Festival Conca della Presolana B"]
[Site "Bratto - Castione della Presolana ITA"]
[Date "2006.08.27"]
[Round "8"]
[White "Colombo, Sandro"]
[Black "Fizzotti, Mario"]
[Result "1/2-1/2"]
[WhiteElo "1864"]
[BlackElo "1868"]
[PlyCount "70"]
[EventDate "2006.08.20"]

1. c4 c5 2. Nf3 Nf6 3. Nc3 b6 4. d4 cxd4 5. Nxd4 Bb7 6. Bf4 g6 7. Rc1 Bg7 8. f3
O-O 9. e4 d6 10. Be3 Nbd7 11. Be2 Rc8 12. O-O Ne5 13. b3 a6 14. Qd2 Re8 15.
Rfd1 e6 16. Bg5 Qc7 17. Bxf6 Bxf6 18. f4 Nc6 19. Nxc6 Qxc6 20. Qxd6 Bxc3 21.
Rxc3 Red8 22. Qxc6 Rxd1+ 23. Bxd1 Bxc6 24. Bc2 Kf8 25. Kf2 Ke7 26. g3 Rd8 27.
Rd3 Rxd3 28. Bxd3 Kd6 29. b4 e5 30. Ke3 f6 31. Kd2 g5 32. f5 Be8 33. Kc3 a5 34.
a3 Ba4 35. Bc2 Bc6 1/2-1/2

[Event "XXVI Festival Conca della Presolana B"]
[Site "Bratto - Castione della Presolana ITA"]
[Date "2006.08.27"]
[Round "8"]
[White "Ferrarese, Giacomo"]
[Black "Paniga, Danilo"]
[Result "1/2-1/2"]
[WhiteElo "1721"]
[BlackElo "1815"]
[PlyCount "71"]
[EventDate "2006.08.20"]

1. c4 Nf6 2. Nc3 g6 3. g3 Bg7 4. Bg2 d6 5. d3 e5 6. e3 O-O 7. Nge2 Nh5 8. g4
Nf6 9. h3 Nc6 10. Ng3 a5 11. Bd2 Nb4 12. Bc1 c6 13. a3 Na6 14. Rb1 Rb8 15. Bd2
Nc5 16. Qc2 Ne6 17. O-O Nd7 18. Nce4 Ndc5 19. b4 Nxe4 20. dxe4 axb4 21. axb4
Nc7 22. b5 Bd7 23. Ba5 b6 24. bxc6 bxa5 25. Rxb8 Qxb8 26. cxd7 Ne6 27. Qa4 Qc7
28. Ne2 Nc5 29. Qa2 Nxd7 30. Nc3 Rb8 31. Nd5 Qc5 32. Ra1 Ra8 33. Rb1 Rb8 34.
Ra1 Ra8 35. Rb1 Rb8 36. Ra1 1/2-1/2

[Event "XXVI Festival Conca della Presolana B"]
[Site "Bratto - Castione della Presolana ITA"]
[Date "2006.08.27"]
[Round "8"]
[White "Galasso, Daniele"]
[Black "Cambieri, Mario"]
[Result "0-1"]
[WhiteElo "1721"]
[BlackElo "1814"]
[PlyCount "64"]
[EventDate "2006.08.20"]

1. c4 Nf6 2. Nc3 c5 3. g3 g6 4. Bg2 Bg7 5. Nf3 d6 6. O-O Nc6 7. Rb1 Bd7 8. a3
O-O 9. b4 Qc7 10. b5 Nd4 11. d3 Rad8 12. Nxd4 cxd4 13. Nd5 Nxd5 14. Bxd5 Bh3
15. Bg2 Bxg2 16. Kxg2 d5 17. Qb3 dxc4 18. dxc4 b6 19. Bd2 e5 20. Kg1 e4 21. Bg5
Rd7 22. Bf4 Be5 23. Bxe5 Qxe5 24. Rbc1 d3 25. exd3 Rxd3 26. Qa4 e3 27. Qxa7 e2
28. Rfe1 Rfd8 29. Qxb6 Rd1 30. f4 Qb2 31. Kf2 Qxc1 32. a4 Re8 0-1

[Event "XXVI Festival Conca della Presolana B"]
[Site "Bratto - Castione della Presolana ITA"]
[Date "2006.08.27"]
[Round "8"]
[White "Gallavotti, Eugenio"]
[Black "Franzini, Stefano"]
[Result "1-0"]
[WhiteElo "1705"]
[BlackElo "1700"]
[PlyCount "91"]
[EventDate "2006.08.20"]

1. e4 c5 2. Nf3 Nc6 3. d4 cxd4 4. Nxd4 e5 5. Nxc6 bxc6 6. Bc4 h6 7. Qh5 Qe7 8.
Nc3 Nf6 9. Qe2 d6 10. h3 Qc7 11. f4 Be7 12. Be3 O-O 13. O-O-O a5 14. g4 Nh7 15.
h4 exf4 16. Bxf4 Be6 17. Bd3 a4 18. Rdg1 a3 19. b3 Qa5 20. Bd2 Qe5 21. Qh2 Rfc8
22. Qxe5 dxe5 23. g5 h5 24. Na4 Rxa4 25. bxa4 Bxa2 26. Bc3 Bc5 27. Rd1 Be3+ 28.
Bd2 Bd4 29. c3 c5 30. Bb1 Bb3 31. Bc2 a2 32. Kb2 Bxc2 33. Kxc2 Bf2 34. Rdf1 Bg3
35. Rh3 Bf4 36. Bxf4 exf4 37. Kb2 Nf8 38. Rxf4 Ne6 39. Rf1 g6 40. Kxa2 c4 41.
Rhf3 Rc7 42. Rb1 Nc5 43. Rb8+ Kg7 44. Ka3 Nxe4 45. Re3 Nc5 46. Ree8 1-0

[Event "XXVI Festival Conca della Presolana B"]
[Site "Bratto - Castione della Presolana ITA"]
[Date "2006.08.27"]
[Round "8"]
[White "Lanni, Vincenzo"]
[Black "Brunelli, Giovanni"]
[Result "1-0"]
[WhiteElo "1697"]
[BlackElo "1882"]
[PlyCount "117"]
[EventDate "2006.08.20"]

1. d4 Nf6 2. g3 d5 3. Bg2 c5 4. c3 cxd4 5. cxd4 Nc6 6. Nf3 e6 7. O-O Be7 8. Nc3
O-O 9. h3 a6 10. Bg5 h6 11. Bxf6 Bxf6 12. e3 Qc7 13. a3 b5 14. b4 Nxb4 15. Nxb5
axb5 16. axb4 Rxa1 17. Qxa1 Qd6 18. Qc3 Bd7 19. Qc5 Qb8 20. Ra1 Rc8 21. Qa7 Qd6
22. Ra6 Rc6 23. Rxc6 Bxc6 24. Qc5 Be7 25. Ne5 Be8 26. Nd3 f6 27. Bf1 e5 28. Qc8
Kf7 29. Nc5 exd4 30. exd4 Qc6 31. Qxc6 Bxc6 32. f4 Bxc5 33. bxc5 Bd7 34. Kf2 g5
35. fxg5 hxg5 36. Ke3 Kg6 37. g4 Kf7 38. Bd3 Ke7 39. Kd2 Kd8 40. Kc3 Kc7 41.
Kb4 Kb7 42. Bxb5 Be6 43. Bd3 Kc6 44. Ka5 Bc8 45. Bf5 Bb7 46. Be6 Ba8 47. Ka6
Kc7 48. Bf5 Bc6 49. Ka5 Bb7 50. Kb5 Bc6+ 51. Kb4 Bb7 52. Kc3 Bc6 53. Kd2 Bb5
54. Bd3 Bc6 55. Ke3 Kd7 56. Kf2 Ke7 57. Kg3 Kd8 58. h4 Kc7 59. h5 1-0

[Event "XXVI Festival Conca della Presolana B"]
[Site "Bratto - Castione della Presolana ITA"]
[Date "2006.08.27"]
[Round "8"]
[White "Milanesi, Erminio"]
[Black "Nepi, Ezio"]
[Result "0-1"]
[WhiteElo "1874"]
[BlackElo "1817"]
[PlyCount "54"]
[EventDate "2006.08.20"]

1. e4 e6 2. d3 d5 3. Nd2 c5 4. g3 Nc6 5. Nh3 Be7 6. f3 Nh6 7. Bg2 f6 8. f4 Nf7
9. c3 O-O 10. O-O Nd6 11. exd5 exd5 12. Bxd5+ Nf7 13. Bxf7+ Rxf7 14. Nf2 b5 15.
Nf3 Qb6 16. Be3 Bb7 17. b4 Rd8 18. Ne4 Nxb4 19. Nxf6+ Bxf6 20. cxb4 Bxa1 21.
Qxa1 Qc6 22. bxc5 Rxd3 23. Qe5 Qe4 24. c6 Bxc6 25. Qxe4 Bxe4 26. Kf2 Bxf3 27.
Kxf3 Re7 0-1

[Event "XXVI Festival Conca della Presolana B"]
[Site "Bratto - Castione della Presolana ITA"]
[Date "2006.08.27"]
[Round "8"]
[White "Morandi, Daniele"]
[Black "Bonotto, Giorgio"]
[Result "1/2-1/2"]
[WhiteElo "1895"]
[BlackElo "1918"]
[PlyCount "98"]
[EventDate "2006.08.20"]

1. e4 e5 2. Nf3 d6 3. Bc4 Be7 4. d4 exd4 5. Nxd4 Nf6 6. Nc3 O-O 7. Bb3 Nbd7 8.
O-O c6 9. Nf5 Nc5 10. Nxe7+ Qxe7 11. f3 Be6 12. Bg5 Rfd8 13. Qd4 Bxb3 14. axb3
Ne6 15. Bxf6 gxf6 16. Qe3 Nf8 17. Rxa7 f5 18. Qb6 Rxa7 19. Qxa7 fxe4 20. fxe4
Ng6 21. Qf2 Re8 22. Qf5 Qe6 23. Qh5 Re7 24. Rf5 b5 25. b4 Ra7 26. h4 Qc4 27.
Qg5 Qd4+ 28. Kh2 Qg7 29. h5 Nf8 30. Qf4 h6 31. Rf6 Ne6 32. Qf2 Re7 33. Rf3 Ng5
34. Rg3 Qe5 35. Qb6 Kh7 36. Qxc6 Nxe4 37. Nxe4 Qxe4 38. Qxd6 Re5 39. Qd3 Rxh5+
40. Rh3 Qxd3 41. cxd3 Rd5 42. g4 Kg6 43. Re3 Rd4 44. Kg3 Rxb4 45. Re2 Rb3 46.
Rd2 Kg5 47. Kf3 Rb4 48. d4 f5 49. gxf5 Kxf5 1/2-1/2

[Event "XXVI Festival Conca della Presolana B"]
[Site "Bratto - Castione della Presolana ITA"]
[Date "2006.08.27"]
[Round "8"]
[White "Nardone, Massimo"]
[Black "Madiai, Federico"]
[Result "0-1"]
[WhiteElo "1902"]
[BlackElo "1756"]
[PlyCount "120"]
[EventDate "2006.08.20"]

1. Nf3 Nf6 2. g3 d5 3. Bg2 Bf5 4. d3 e6 5. Nbd2 Be7 6. O-O O-O 7. Qe1 c6 8. e4
Bg6 9. Qe2 Na6 10. Ne5 Nd7 11. Nxg6 hxg6 12. e5 Qc7 13. Nf3 c5 14. h4 Rfe8 15.
c3 Rac8 16. Re1 b5 17. Bg5 Nf8 18. Rac1 Qb6 19. Bxe7 Rxe7 20. Nh2 c4 21. d4 b4
22. Rb1 Rb7 23. Qc2 Rcb8 24. b3 bxc3 25. Qxc3 Rc7 26. Nf3 cxb3 27. Qxb3 Rcb7
28. Qxb6 Rxb6 29. Rxb6 Rxb6 30. Bf1 Nb4 31. Re2 Nd7 32. Rb2 Kf8 33. a3 Nc6 34.
Rxb6 Nxb6 35. Bb5 Na5 36. Nd2 Ke7 37. Kf1 f6 38. f4 Nac4 39. Nxc4 Nxc4 40. a4
Ne3+ 41. Kf2 Nf5 42. Bd3 Nxd4 43. Bxg6 fxe5 44. fxe5 Nc6 45. Bc2 Nxe5 46. Ke3
Nc6 47. g4 e5 48. g5 Nd8 49. h5 Nf7 50. g6 Nh6 51. Bd1 Kf6 52. Bb3 Ke6 53. Bd1
Ng8 54. Bg4+ Kf6 55. Bf3 Ne7 56. Bd1 Kg5 57. Bf3 e4 58. Bd1 Nf5+ 59. Kf2 d4 60.
Ke1 Ng3 0-1

[Event "XXVI Festival Conca della Presolana B"]
[Site "Bratto - Castione della Presolana ITA"]
[Date "2006.08.27"]
[Round "8"]
[White "Nasoni, Paolo"]
[Black "Burbi, Marco"]
[Result "1-0"]
[WhiteElo "1859"]
[BlackElo "1793"]
[PlyCount "107"]
[EventDate "2006.08.20"]

1. c4 f5 2. Nc3 Nf6 3. g3 e6 4. Bg2 c6 5. d4 d5 6. cxd5 exd5 7. Bf4 Qb6 8. Rb1
Be7 9. e3 O-O 10. Nge2 Qd8 11. O-O Bd7 12. Nc1 Be8 13. Bf3 Nbd7 14. Nd3 Kh8 15.
Kg2 Ne4 16. Be2 Nb6 17. f3 Nf6 18. b3 Nfd7 19. Be5 Bf6 20. f4 Qe7 21. Qd2 Rc8
22. b4 Nc4 23. Qc1 b6 24. Nf2 Rg8 25. Bxc4 dxc4 26. b5 Bf7 27. bxc6 Rxc6 28.
Qd1 Qa3 29. Qc2 g6 30. e4 Nxe5 31. fxe5 Bg7 32. Nb5 Qe7 33. d5 Rc5 34. e6 Be8
35. Nc3 Rf8 36. Rfe1 f4 37. e5 g5 38. Qd2 f3+ 39. Kg1 h6 40. Nce4 Rc8 41. Nf6
Bg6 42. Rbc1 b5 43. Qe3 Bxf6 44. exf6 Rxf6 45. Qe5 Rd8 46. Ng4 f2+ 47. Nxf2 Kh7
48. Rcd1 Rd6 49. Ne4 Bxe4 50. Qxe4+ Kg8 51. Rf1 Rxf1+ 52. Rxf1 Rd8 53. Rf7 Qc5+
54. Kf1 1-0

[Event "XXVI Festival Conca della Presolana B"]
[Site "Bratto - Castione della Presolana ITA"]
[Date "2006.08.27"]
[Round "8"]
[White "Pesce, Leandro"]
[Black "Di Chiara, Mauro"]
[Result "1-0"]
[WhiteElo "1767"]
[BlackElo "1721"]
[PlyCount "147"]
[EventDate "2006.08.20"]

1. e4 g6 2. d4 c6 3. Nc3 d6 4. f4 d5 5. e5 h5 6. Nf3 Bg4 7. h3 Bxf3 8. Qxf3 e6
9. Bd2 Qb6 10. Qe3 Nd7 11. Na4 Qc7 12. a3 Ne7 13. Bd3 Nf5 14. Qf2 Be7 15. Bxf5
gxf5 16. Bb4 Bxb4+ 17. axb4 b6 18. Nc3 h4 19. Ne2 c5 20. bxc5 bxc5 21. c3 Ke7
22. O-O a5 23. Kh2 a4 24. Ng1 Nf8 25. Nf3 Ng6 26. Ng5 c4 27. Qc2 Qc6 28. Ra3
Rhb8 29. g3 Rb3 30. Ra2 Rab8 31. Rf2 hxg3+ 32. Kxg3 Qb6 33. Qc1 Qxd4 34. Rf3
Qb6 35. Rxa4 Rxb2 36. Qa1 Rb1 37. Ra7+ Ke8 38. Qa4+ Rb5 39. Rf2 Qe3+ 40. Nf3
Qxf4+ 41. Kg2 Nh4+ 42. Nxh4 Qxh4 43. Ra5 Qe4+ 44. Kg1 Qb1+ 45. Kh2 Qb3 46. Qa1
Rxa5 47. Qxa5 Qb6 48. Qa4+ Qb5 49. Qa7 Rb7 50. Qa8+ Kd7 51. Rg2 Kc6 52. Qc8+
Rc7 53. Qe8+ Kc5 54. Qf8+ Kb6 55. Qd6+ Qc6 56. Rb2+ Ka7 57. Qd8 Ka6 58. Qf8 Qc5
59. Qa8+ Qa7 60. Ra2+ Kb6 61. Rxa7 Rxa7 62. Qe8 d4 63. Qd8+ Kb5 64. Qxd4 Rc7
65. Qd6 Rc5 66. Qd7+ Ka5 67. Qd8+ Ka4 68. Qd1+ Ka3 69. Qb1 Rxe5 70. Qb4+ Ka2
71. Qxc4+ Kb2 72. Qb4+ Kc2 73. Qa4+ Kd3 74. Qd4+ 1-0

[Event "XXVI Festival Conca della Presolana B"]
[Site "Bratto - Castione della Presolana ITA"]
[Date "2006.08.27"]
[Round "8"]
[White "Romano, Roberto"]
[Black "Longo, Pietro"]
[Result "0-1"]
[WhiteElo "1733"]
[BlackElo "1757"]
[PlyCount "94"]
[EventDate "2006.08.20"]

1. e4 c5 2. d4 cxd4 3. c3 d5 4. exd5 Qxd5 5. cxd4 Nc6 6. Nf3 e6 7. Nc3 Qa5 8.
Bc4 Nf6 9. O-O Be7 10. Qe2 O-O 11. Rd1 Nd5 12. Bd2 Qd8 13. Ne5 Nxd4 14. Qh5 Nf6
15. Qh3 Qc7 16. Bf4 Bd6 17. Nb5 Nxb5 18. Ng6 Bxf4 19. Nxf8 Qxc4 20. Rd8 Bd7 21.
Rxa8 Be8 22. Nxh7 Nxh7 23. Rxe8+ Nf8 24. Qh4 Qc7 25. Rxf8+ Kxf8 26. Qh8+ Ke7
27. Qxg7 Bxh2+ 28. Kh1 Be5 29. Qg5+ f6 30. Qg7+ Kd6 31. Qf8+ Qe7 32. Qb8+ Kc6
33. Rc1+ Kb6 34. Qc8 Qh7+ 35. Kg1 Qh2+ 36. Kf1 Qh1+ 37. Ke2 Nd4+ 38. Kd3 Qh7+
39. Ke3 Nc6 40. Rd1 Qc2 41. Qd7 Qc5+ 42. Ke2 Nd4+ 43. Rxd4 Qxd4 44. Qxe6+ Qd6
45. Qb3+ Kc7 46. Qc4+ Qc6 47. Qf7+ Kb6 0-1

[Event "XXVI Festival Conca della Presolana B"]
[Site "Bratto - Castione della Presolana ITA"]
[Date "2006.08.27"]
[Round "8"]
[White "Roversi, Stefano"]
[Black "Regorda, Vittorio"]
[Result "1-0"]
[WhiteElo "1857"]
[BlackElo "1949"]
[PlyCount "63"]
[EventDate "2006.08.20"]

1. e4 e6 2. d3 c5 3. Nd2 Nc6 4. Ngf3 d6 5. g3 g6 6. Bg2 Bg7 7. O-O Nge7 8. Re1
O-O 9. Nf1 h6 10. h4 e5 11. Ne3 Be6 12. Nh2 Qd7 13. Neg4 Kh7 14. Bxh6 f5 15.
Bxg7 Kxg7 16. exf5 gxf5 17. Ne3 Rh8 18. Bh3 Rag8 19. Nf3 Kf8 20. Kg2 f4 21.
Bxe6 Qxe6 22. Nc4 fxg3 23. fxg3 Nf5 24. Ng5 Rxg5 25. hxg5 Ne3+ 26. Nxe3 Qh3+
27. Kf2 Qh2+ 28. Ng2 Ke7 29. Qf3 Nd4 30. Qf6+ Ke8 31. Rh1 Qxh1 32. Rxh1 1-0

[Event "XXVI Festival Conca della Presolana B"]
[Site "Bratto - Castione della Presolana ITA"]
[Date "2006.08.27"]
[Round "8"]
[White "Rozzoni, Davide"]
[Black "Marguerettaz, Davy"]
[Result "0-1"]
[WhiteElo "1714"]
[BlackElo "1700"]
[PlyCount "36"]
[EventDate "2006.08.20"]

1. g3 e5 2. Nh3 d5 3. c3 Nf6 4. Bg2 Nc6 5. O-O Be6 6. f3 Bc5+ 7. Nf2 Qd7 8. e3
O-O-O 9. d4 Bd6 10. b4 exd4 11. exd4 h5 12. Nd3 h4 13. g4 Ne7 14. Nc5 Qc6 15.
Nxe6 fxe6 16. Qe2 h3 17. Qxe6+ Kb8 18. Bh1 Bxh2+ 0-1

[Event "XXVI Festival Conca della Presolana B"]
[Site "Bratto - Castione della Presolana ITA"]
[Date "2006.08.27"]
[Round "8"]
[White "Tafur, Abel"]
[Black "Sanzani, Pierluigi"]
[Result "1-0"]
[WhiteElo "1966"]
[BlackElo "1892"]
[PlyCount "96"]
[EventDate "2006.08.20"]

1. c4 g6 2. Nc3 Bg7 3. g3 Nf6 4. Bg2 d6 5. d4 O-O 6. Nf3 c6 7. O-O Nbd7 8. e4
e5 9. dxe5 dxe5 10. a4 Qe7 11. b3 Re8 12. Ba3 Nc5 13. Qc2 Bg4 14. a5 Bxf3 15.
Bxf3 a6 16. Na4 Nfd7 17. Rad1 Bf8 18. Rxd7 Qxd7 19. Bxc5 Bxc5 20. Nxc5 Qe7 21.
b4 Rab8 22. Rd1 b6 23. axb6 Rxb6 24. Qc3 Ra8 25. Kg2 h5 26. Rd7 Qg5 27. h4 Qf6
28. Bd1 Rab8 29. Ra7 Qd6 30. Nd3 R6b7 31. Rxa6 Rd8 32. Nc5 Re7 33. Ba4 Rc7 34.
Bc2 Qe7 35. Nd3 f6 36. c5 Rd4 37. Ra8+ Kg7 38. Qb3 Rd8 39. Rxd8 Qxd8 40. Nb2
Qd2 41. Nc4 Qd4 42. Nd6 Ra7 43. Qe6 Qxb4 44. Bb3 Qb8 45. Ne8+ Kh6 46. Nxf6 Ra8
47. Bc4 Qf8 48. Qxe5 Qe7 1-0

[Event "XXVI Festival Conca della Presolana B"]
[Site "Bratto - Castione della Presolana ITA"]
[Date "2006.08.27"]
[Round "8"]
[White "Vanzan, Alessandro"]
[Black "Acunzo, Domenico"]
[Result "0-1"]
[WhiteElo "1835"]
[BlackElo "1764"]
[PlyCount "70"]
[EventDate "2006.08.20"]

1. c4 e5 2. Nc3 Nc6 3. Nf3 f5 4. d3 Nf6 5. g3 Bc5 6. e3 O-O 7. Bg2 a6 8. O-O d6
9. a3 Bd7 10. b4 Ba7 11. b5 axb5 12. Nxb5 Bb6 13. Bb2 Kh8 14. Rc1 Qe8 15. c5
dxc5 16. a4 f4 17. exf4 exf4 18. Ba3 Nb4 19. Nxc7 Bxc7 20. Bxb4 Bxa4 21. Qd2
fxg3 22. hxg3 b6 23. Rfe1 Qd7 24. Bc3 Rad8 25. Bf1 Qd5 26. Ne5 Bxe5 27. Rxe5
Qf3 28. Qg5 Bc6 29. Qh4 Ng4 30. Re2 Nxf2 31. Bxg7+ Kxg7 32. Re7+ Rf7 33. Qg5+
Kf8 34. Rxf7+ Kxf7 35. Qh4 Rg8 0-1

[Event "XXVI Festival Conca della Presolana B"]
[Site "Bratto - Castione della Presolana ITA"]
[Date "2006.08.27"]
[Round "8"]
[White "Vignoli, Matteo"]
[Black "La Manna, Andrea"]
[Result "1-0"]
[WhiteElo "1941"]
[BlackElo "1895"]
[PlyCount "53"]
[EventDate "2006.08.20"]

1. e4 d6 2. d4 Nf6 3. Nc3 c6 4. Be3 Nbd7 5. f3 e5 6. Qd2 Be7 7. g4 O-O 8. g5
Nh5 9. d5 Nb6 10. O-O-O cxd5 11. Nxd5 Nxd5 12. exd5 f5 13. gxf6 Bxf6 14. Bd3
Nf4 15. Be4 Bd7 16. h4 a5 17. Ne2 a4 18. a3 Rc8 19. Rhg1 Kh8 20. Kb1 Nxe2 21.
Qxe2 Qa5 22. Bg5 Bb5 23. Qg2 Rc7 24. Qg4 Be8 25. Rg2 h6 26. Qf5 Kg8 27. Bxf6
1-0

[Event "XXVI Festival Conca della Presolana B"]
[Site "Bratto - Castione della Presolana ITA"]
[Date "2006.08.27"]
[Round "8"]
[White "Villa, Claudio"]
[Black "Fiorili, Roberto"]
[Result "0-1"]
[WhiteElo "1753"]
[BlackElo "1934"]
[PlyCount "126"]
[EventDate "2006.08.20"]

1. b3 e5 2. Bb2 Nc6 3. c4 g6 4. g3 Bg7 5. Bg2 d6 6. e3 Qe7 7. Nc3 f5 8. Nd5 Qf7
9. Ne2 Be6 10. O-O Nf6 11. Nxf6+ Bxf6 12. d4 Bd7 13. Qd2 e4 14. f3 exf3 15.
Bxf3 Qg7 16. Nf4 h5 17. h4 O-O-O 18. Nd5 g5 19. Nxf6 Qxf6 20. hxg5 Qxg5 21. Kf2
Rdg8 22. Rg1 h4 23. gxh4 Qxh4+ 24. Ke2 Qe7 25. Kd3 Re8 26. Rae1 Rh3 27. Bg2 Rh4
28. Bc1 Qf6 29. Kc3 Nd8 30. Rgf1 Rg8 31. b4 c6 32. Kb3 Rh2 33. Rf2 Rh5 34. Bb2
Qf7 35. d5 Rh4 36. Bf3 Rg3 37. Bd4 f4 38. Be4 fxe3 39. Rxe3 Rxe3+ 40. Bxe3 Qh5
41. Bf3 Qg6 42. Bxa7 Qb1+ 43. Qb2 Qxb2+ 44. Rxb2 Rh3 45. Rd2 Rxf3+ 46. Kb2 Kc7
47. c5 Nf7 48. Bb6+ Kb8 49. Rg2 cxd5 50. Rg8+ Bc8 51. Kc1 dxc5 52. bxc5 Ne5 53.
Rg5 Nc4 54. Kc2 Nxb6 55. cxb6 Rf6 56. Rxd5 Rxb6 57. Rd2 Kc7 58. Kc1 Bf5 59. Rf2
Rb1+ 60. Kd2 Rb2+ 61. Ke3 Rxf2 62. Kxf2 Be6 63. a3 Kb6 0-1

[Event "V Festival Valle del Mela A"]
[Site "San Filippo del Mela ITA"]
[Date "2006.12.10"]
[Round "2"]
[White "Napoli Costa, Aurelio"]
[Black "Pinton, Maurizio"]
[Result "1-0"]
[WhiteElo "2068"]
[BlackElo "2081"]
[PlyCount "35"]
[EventDate "2006.12.09"]

1. e4 Nc6 2. d4 e5 3. dxe5 Nxe5 4. f4 Ng6 5. Be3 Qf6 6. e5 Qe6 7. Nc3 Bb4 8.
Qd4 Ba5 9. Bd3 N8e7 10. Bd2 d6 11. Qa4+ Nc6 12. f5 Qxe5+ 13. Kf1 Nge7 14. Re1
Qc5 15. Ne4 Qxf5+ 16. Nf3 O-O 17. Neg5 b5 18. Qh4 1-0

[Event "V Festival Valle del Mela A"]
[Site "San Filippo del Mela ITA"]
[Date "2006.12.17"]
[Round "6"]
[White "Pinton, Maurizio"]
[Black "Alfarone, Giovanni"]
[Result "1-0"]
[WhiteElo "2081"]
[BlackElo "2018"]
[PlyCount "89"]
[EventDate "2006.12.09"]

1. d4 Nf6 2. Nc3 d6 3. e4 c6 4. f4 Qa5 5. Bd3 e5 6. dxe5 dxe5 7. Nf3 Bg4 8.
fxe5 Bxf3 9. Qxf3 Qxe5 10. Bf4 Qh5 11. Qg3 Nbd7 12. e5 Nd5 13. Nxd5 cxd5 14.
Bb5 Qf5 15. O-O Qe6 16. Kh1 a6 17. Be2 h5 18. Rad1 Nc5 19. Qf3 Rd8 20. b4 Na4
21. Bd3 g6 22. Bg5 Be7 23. Bf6 O-O 24. Qf4 Kh7 25. h3 Nb2 26. Qh4 Bxf6 27. Rxf6
Qxe5 28. Re1 Nxd3 29. Rxe5 Nxe5 30. Qf4 Rde8 31. Rd6 Nc6 32. Rxd5 Kg7 33. a4
Re1+ 34. Kh2 Rfe8 35. b5 R8e4 36. Qd2 Ne7 37. Rd7 axb5 38. axb5 b6 39. Qc3+ Kh6
40. Qf6 Nf5 41. Rxf7 h4 42. Rf8 Re7 43. Rg8 Rg7 44. Rxg7 Nxg7 45. Qxh4+ 1-0

[Event "C.to Provinciale CZ"]
[Site "Catanzaro ITA"]
[Date "2006.05.19"]
[Round "1"]
[White "Mercurio, Rosario"]
[Black "Scalise, Sandro"]
[WhiteElo "1333"]
[BlackElo "1628"]
[Result "0-1"]
[PlyCount "78"]
[EventDate "2006.05.19"]

1. Nf3 Nf6 2. g3 g6 3. Bg2 Bg7 4. O-O O-O 5. c4 c6 6. b4 Ne4 7. d4 d5 8. Qb3
dxc4 9. Qxc4 Be6 10. Qc2 Bd5 11. Ne5 Bxe5 12. dxe5 f5 13. Bh6 Rf7 14. Rd1 Qb6
15. e3 Qxb4 16. Na3 Qxa3 17. Rxd5 Na6 18. Rd7 Nac5 19. Rc7 Rd8 20. Rd1 Rxd1+
21. Qxd1 Ne6 22. Rc8+ Nf8 23. Qa1 e6 24. Bf1 Qe7 25. Bc4 Nc5 26. f4 Qd7 27. Ra8
b5 28. Bb3 Qd2 29. Qd4 Nxb3 30. Qxa7 Qe1+ 31. Kg2 Qe2+ 32. Kh3 Qh5+ 33. Kg2
Qxh6 34. Qb6 Nd2 35. Qxc6 Qh5 36. Rd8 Qe2+ 37. Kh3 Nf3 38. Rxf8+ Kxf8 39. Qd6+
Kg7 0-1

[Event "C.to Provinciale CZ"]
[Site "Catanzaro ITA"]
[Date "2006.05.19"]
[Round "1"]
[White "Piccoli, Vincenzo"]
[Black "Scalise, Felicia"]
[WhiteElo "1667"]
[BlackElo "1368"]
[Result "1-0"]
[PlyCount "59"]
[EventDate "2006.05.19"]

1. d4 d5 2. c4 Nc6 3. Nf3 Nf6 4. cxd5 Nxd5 5. e4 Nf6 6. Nc3 e6 7. Bg5 h6 8. Bh4
Be7 9. e5 Ng8 10. Bxe7 Ngxe7 11. Bc4 O-O 12. O-O Nf5 13. Ne2 Nd6 14. exd6 cxd6
15. d5 Na5 16. dxe6 Nxc4 17. exf7+ Rxf7 18. Qd5 Nb6 19. Qb3 Qe8 20. Rfe1 Be6
21. Qb4 Qd7 22. Rad1 Nd5 23. Qa3 Bf5 24. Rxd5 Rff8 25. Rxd6 Qc7 26. Ng3 Bh7 27.
Red1 Bc2 28. Rd7 Qc8 29. Qe7 Re8 30. Qxg7# 1-0

[Event "C.to Provinciale CZ"]
[Site "Catanzaro ITA"]
[Date "2006.05.19"]
[Round "1"]
[White "Rotunno, Giuseppe"]
[Black "Soluri, Francesco"]
[WhiteElo "1952"]
[BlackElo "1473"]
[Result "1-0"]
[PlyCount "51"]
[EventDate "2006.05.19"]

1. d4 Nf6 2. Nf3 e6 3. Bg5 Be7 4. c4 d5 5. e3 c6 6. Bd3 Nbd7 7. Nc3 O-O 8. O-O
a6 9. c5 Qc7 10. Qc2 Re8 11. Bf4 Qd8 12. b4 b6 13. Rfb1 b5 14. a4 Bb7 15. Ne5
g6 16. axb5 axb5 17. Bxb5 Nxe5 18. dxe5 Nh5 19. Be2 Nxf4 20. exf4 Qc7 21. Na4
Ba6 22. Nb6 Bb7 23. Nxa8 Rxa8 24. Rxa8+ Bxa8 25. Qa4 Qd8 26. Ra1 1-0

[Event "C.to Provinciale CZ"]
[Site "Catanzaro ITA"]
[Date "2006.05.19"]
[Round "1"]
[White "Scerbo, Antonio"]
[Black "Paragliola, Gennaro"]
[WhiteElo "2124"]
[BlackElo "1529"]
[Result "1-0"]
[PlyCount "60"]
[EventDate "2006.05.19"]

1. e4 d6 2. Nf3 Nf6 3. Nc3 g6 4. d4 Bg7 5. h3 O-O 6. Be3 Nbd7 7. Qd2 c5 8. Be2
cxd4 9. Nxd4 Nc5 10. Bf3 Bd7 11. Bh6 Qb6 12. Bxg7 Kxg7 13. O-O a6 14. a3 Bc6
15. Rfe1 Rac8 16. Nxc6 bxc6 17. e5 Nfd7 18. exd6 exd6 19. Qxd6 Nf6 20. b4 Ne6
21. Rad1 Rfd8 22. Qe5 Nd4 23. Ne4 c5 24. Bg4 Re8 25. bxc5 Rxe5 26. cxb6 Nxc2
27. Bxc8 Nxe1 28. Rxe1 Nxe4 29. b7 Rb5 30. Rxe4 Kf8 1-0

[Event "C.to Provinciale CZ"]
[Site "Catanzaro ITA"]
[Date "2006.05.19"]
[Round "1"]
[White "Tassone, Francesco"]
[Black "Blasco, Domenico"]
[WhiteElo "1493"]
[BlackElo "2008"]
[Result "0-1"]
[PlyCount "40"]
[EventDate "2006.05.19"]

1. e4 c5 2. Nf3 Nc6 3. d4 cxd4 4. Nxd4 e6 5. Bb5 Nf6 6. Nc3 Bb4 7. Bg5 Qa5 8.
Nxc6 bxc6 9. Bd3 Qxg5 10. O-O Bxc3 11. bxc3 O-O 12. Rb1 e5 13. c4 d6 14. Qf3
Nh5 15. Qe3 Nf4 16. g3 Bh3 17. Rfe1 Ne6 18. Qxg5 Nxg5 19. Bf1 Nf3+ 20. Kh1 Bxf1
0-1

[Event "C.to Provinciale CZ"]
[Site "Catanzaro ITA"]
[Date "2006.05.20"]
[Round "2"]
[White "Blasco, Domenico"]
[Black "Rotunno, Giuseppe"]
[WhiteElo "2008"]
[BlackElo "1952"]
[Result "1-0"]
[PlyCount "123"]
[EventDate "2006.05.19"]

1. d4 g6 2. Nf3 Bg7 3. e3 c5 4. c4 Nf6 5. Nc3 d6 6. Be2 Na6 7. O-O h5 8. d5 h4
9. h3 Bf5 10. Ng5 Nh7 11. e4 Bd7 12. Bg4 Bf6 13. Bxd7+ Qxd7 14. Nxh7 Rxh7 15.
Qa4 Qxa4 16. Nxa4 Nb4 17. Bd2 Nc2 18. Rab1 g5 19. Bc3 Nd4 20. Rfe1 Rg7 21. f3
Be5 22. Kf1 f6 23. Red1 Kd7 24. b4 b6 25. bxc5 dxc5 26. Bxd4 Bxd4 27. Ke2 Rf8
28. Kd3 f5 29. exf5 Rxf5 30. Re1 Re5 31. Rxe5 Bxe5 32. Nc3 Bxc3 33. Kxc3 Rg6
34. a4 Rd6 35. Re1 e6 36. Re5 exd5 37. cxd5 Rg6 38. Kc4 Kd6 39. Rf5 a6 40. Rf8
b5+ 41. axb5 axb5+ 42. Kxb5 Kxd5 43. Rf5+ Kd4 44. Rxc5 Ke3 45. Rc4 Kf2 46. Rg4
Ke3 47. Kc5 Ra6 48. Kd5 Ra5+ 49. Ke6 Ra6+ 50. Kf5 Ra5+ 51. Kf6 Kf2 52. Rxg5 Ra4
53. Kg6 Ra8 54. f4 Rg8+ 55. Kh5 Rh8+ 56. Kg6 Rg8+ 57. Kf7 Rxg5 58. fxg5 Kxg2
59. g6 Kxh3 60. g7 Kh2 61. g8=Q h3 62. Qg4 1-0

[Event "C.to Provinciale CZ"]
[Site "Catanzaro ITA"]
[Date "2006.05.20"]
[Round "2"]
[White "Liistro, Giovanni Carlo"]
[Black "Tassone, Francesco"]
[WhiteElo "1802"]
[BlackElo "1493"]
[Result "1-0"]
[PlyCount "57"]
[EventDate "2006.05.19"]

1. e4 c6 2. d4 d5 3. Nc3 dxe4 4. Nxe4 Nf6 5. Ng3 g6 6. Nf3 Bg7 7. Bd3 O-O 8.
O-O Bg4 9. Re1 e6 10. c3 Nh5 11. h3 Nxg3 12. hxg4 Qd6 13. fxg3 Qxg3 14. Re4 Qc7
15. Bf4 Qb6 16. Qd2 Nd7 17. g5 Rfe8 18. Kh1 Qa5 19. b4 Qd8 20. a4 f6 21. Bc4
Kh8 22. Rae1 Nb6 23. Bb3 Nd5 24. Rxe6 Rxe6 25. Rxe6 Qd7 26. Bxd5 cxd5 27. Qe3
Qxa4 28. gxf6 Qd1+ 29. Kh2 1-0